<?xml version="1.0" encoding="UTF-8"?><?xml-stylesheet type="text/xsl" href="static/style.xsl"?><OAI-PMH xmlns="http://www.openarchives.org/OAI/2.0/" xmlns:xsi="http://www.w3.org/2001/XMLSchema-instance" xsi:schemaLocation="http://www.openarchives.org/OAI/2.0/ http://www.openarchives.org/OAI/2.0/OAI-PMH.xsd"><responseDate>2026-04-17T15:18:12Z</responseDate><request verb="GetRecord" identifier="oai:www.recercat.cat:2072/385649" metadataPrefix="marc">https://recercat.cat/oai/request</request><GetRecord><record><header><identifier>oai:recercat.cat:2072/385649</identifier><datestamp>2026-04-06T22:06:01Z</datestamp><setSpec>com_2072_98</setSpec><setSpec>col_2072_378192</setSpec></header><metadata><record xmlns="http://www.loc.gov/MARC21/slim" xmlns:dcterms="http://purl.org/dc/terms/" xmlns:xsi="http://www.w3.org/2001/XMLSchema-instance" xmlns:doc="http://www.lyncode.com/xoai" xsi:schemaLocation="http://www.loc.gov/MARC21/slim http://www.loc.gov/standards/marcxml/schema/MARC21slim.xsd">
   <leader>00925njm 22002777a 4500</leader>
   <datafield ind2=" " ind1=" " tag="042">
      <subfield code="a">dc</subfield>
   </datafield>
   <datafield ind2=" " ind1=" " tag="720">
      <subfield code="a">Porras Gallo, María Isabel</subfield>
      <subfield code="e">author</subfield>
   </datafield>
   <datafield ind2=" " ind1=" " tag="260">
      <subfield code="c">1993</subfield>
   </datafield>
   <datafield ind2=" " ind1=" " tag="520">
      <subfield code="a">En el presente trabajo, el análisis de los fundamentos teóricos sobre los que se apoyó el "Proyecto de Ley sobre profilaxis pública de las enfermedades infecciosas" muestra la influencia que ejercieron en el contenido del mismo la pandemia gripal de 1918-19 y las circunstancias socio-políticas que concurrieron. En dicho documento, sirviéndose de los elementos teóricos de la Medicina Social, especialmente del criterio económico y del reformista, se propuso una profilaxis pública de las enfermedades infecciosas basada en el concurso de la nueva ciencia y de los seguros sociales como principal medida social.</subfield>
   </datafield>
   <datafield ind2="0" ind1="0" tag="245">
      <subfield code="a">La profilaxis de las enfermedades infecciosas tras la pandemia gripal de 1918-19 : los seguros sociales</subfield>
   </datafield>
</record></metadata></record></GetRecord></OAI-PMH>